[Event "CFriend CP-2005-P-00058"]
[Site "Chessfriend.com"]
[Date "2005.10.01"]
[Round "1"]
[White "Crespo Revilla, Jose Maria"]
[Black "Eul, Andreas"]
[Result "1-0"]
[WhiteElo "2335"]
[BlackElo "1200"]
[PlyCount "33"]
[EventDate "2005.??.??"]
[EventType "tourn (corr)"]
[EventRounds "4"]
[SourceTitle "Corr 2008"]
[Source "ChessBase"]
[SourceDate "2008.06.24"]
[SourceVersion "1"]
[SourceVersionDate "2008.06.24"]
[SourceQuality "1"]

1. e4 e5 2. Nf3 Nc6 3. Bb5 Bc5 4. c3 Nf6 5. 0-0 0-0 6. d4 exd4 7. cxd4 Bb6 8. e5 Nd5 9. Bc4 Nde7 10. d5 Nb4 11. a3 Na6 12. d6 cxd6 13. exd6 Nc6 14. Bg5 Bxf2+ 15. Rxf2 Ne7 16. dxe7 Qe8 17. Ne5 1-0

[Event "CFriend CP-2005-P-00058"]
[Site "Chessfriend.com"]
[Date "2005.10.01"]
[Round "?"]
[White "Eul, Andreas"]
[Black "Boettcher, Fred"]
[Result "0-1"]
[WhiteElo "1200"]
[BlackElo "2078"]
[PlyCount "28"]
[EventDate "2005.??.??"]
[EventType "tourn (corr)"]
[EventRounds "4"]
[SourceTitle "Corr 2024"]
[Source "ChessBase"]
[SourceDate "2023.10.19"]
[SourceVersion "1"]
[SourceVersionDate "2023.10.19"]
[SourceQuality "1"]

1. d4 Nf6 2. Nc3 d5 3. f3 c5 4. e4 cxd4 5. Qxd4 Nc6 6. Bb5 Bd7 7. Bxc6 Bxc6 8. Bg5 dxe4 9. Bxf6 gxf6 10. Qc4 Rg8 11. Rd1 Qa5 12. fxe4 Rxg2 13. b4 Qb6 14. Nd5 Qf2# 0-1

[Event "CFriend CP-2005-P-00058"]
[Site "Chessfriend.com"]
[Date "2005.10.01"]
[Round "1"]
[White "Eul, Andreas"]
[Black "Hilton, James"]
[Result "0-1"]
[WhiteElo "1200"]
[BlackElo "1000"]
[PlyCount "44"]
[EventDate "2005.??.??"]
[EventType "tourn (corr)"]
[EventRounds "4"]
[SourceTitle "Corr 2008"]
[Source "ChessBase"]
[SourceDate "2008.06.24"]
[SourceVersion "1"]
[SourceVersionDate "2008.06.24"]
[SourceQuality "1"]

1. d4 d5 2. c4 Nf6 3. Nc3 e6 4. e3 c5 5. Nf3 cxd4 6. Nxd4 Nc6 7. Bd3 Bd6 8. 0-0 0-0 9. e4 Nxd4 10. exd5 exd5 11. Nxd5 Nxd5 12. cxd5 Bc5 13. Be3 Qxd5 14. Bxd4 Bxd4 15. Qc2 g6 16. Bc4 Qe5 17. Rae1 Qc5 18. Rd1 Be6 19. Rxd4 Qxd4 20. Bxe6 fxe6 21. Rd1 Rxf2 22. Rxd4 Rxc2 0-1

[Event "IECG QE.2005.0.00094 email"]
[Site "IECG email"]
[Date "2005.09.29"]
[Round "?"]
[White "Koenig, Michael"]
[Black "Eul, Andreas"]
[Result "1-0"]
[WhiteElo "1294"]
[BlackElo "1200"]
[PlyCount "37"]
[EventDate "2005.09.29"]
[EventType "tourn (corr)"]
[EventRounds "6"]
[SourceTitle "Corr 2008"]
[Source "ChessBase"]
[SourceDate "2008.06.24"]
[SourceVersion "1"]
[SourceVersionDate "2008.06.24"]
[SourceQuality "1"]

1. e4 e5 2. Nf3 Nc6 3. Bb5 Bc5 4. 0-0 Nf6 5. d3 Nd4 6. Nxd4 Bxd4 7. c3 b6 8. Bg5 Bc5 9. d4 Bd6 10. f4 exf4 11. e5 h6 12. Bxf6 gxf6 13. exd6 c6 14. Re1+ Kf8 15. Bc4 Rg8 16. Qh5 Rg7 17. Re7 Kg8 18. Rxf7 Rxf7 19. Bxf7+ 1-0

[Event "IECG CE.2005.0.00089 email"]
[Site "IECG email"]
[Date "2005.08.28"]
[Round "?"]
[White "Eul, Andreas"]
[Black "Cook, Phil"]
[Result "0-1"]
[WhiteElo "1200"]
[BlackElo "1355"]
[PlyCount "48"]
[EventDate "2005.08.28"]
[EventType "tourn (corr)"]
[EventRounds "6"]
[SourceTitle "Corr 2008"]
[Source "ChessBase"]
[SourceDate "2008.06.24"]
[SourceVersion "1"]
[SourceVersionDate "2008.06.24"]
[SourceQuality "1"]

1. e4 e6 2. d4 d5 3. Nc3 Bb4 4. e5 c5 5. Nf3 Ne7 6. Bg5 cxd4 7. Nxd4 Qc7 8. f4 Bxc3+ 9. Ke2 Bxd4 10. Qxd4 Nf5 11. Qa4+ Bd7 12. Qb3 Nd4+ 13. Kd1 Nxb3 14. axb3 Qc5 15. Bd3 Qf2 16. Bf1 h6 17. Bh4 Qxf4 18. Bg3 Qd4+ 19. Kc1 Nc6 20. Ra4 Qe3+ 21. Kb1 Nxe5 22. Rb4 0-0-0 23. Bb5 f6 24. Re1 Qd2 0-1

[Event "IECG CE.2005.0.00089 email"]
[Site "IECG email"]
[Date "2005.08.28"]
[Round "?"]
[White "Eul, Andreas"]
[Black "Evans, Stanley W"]
[Result "0-1"]
[WhiteElo "1200"]
[BlackElo "1362"]
[PlyCount "54"]
[EventDate "2005.08.28"]
[EventType "tourn (corr)"]
[EventRounds "6"]
[SourceTitle "Corr 2008"]
[Source "ChessBase"]
[SourceDate "2008.06.24"]
[SourceVersion "1"]
[SourceVersionDate "2008.06.24"]
[SourceQuality "1"]

1. e4 e5 2. Nf3 f5 3. exf5 e4 4. Nd4 Nf6 5. Bc4 c5 6. Nb3 d5 7. Bb5+ Nc6 8. Bxc6+ bxc6 9. 0-0 Bxf5 10. d3 Be7 11. Bg5 0-0 12. Nc3 exd3 13. cxd3 Bxd3 14. Qxd3 c4 15. Qf3 cxb3 16. axb3 Qd7 17. h3 Ne4 18. Bf4 g5 19. Nxe4 dxe4 20. Qg3 Rxf4 21. Qe3 a5 22. g3 Rf7 23. g4 Rf4 24. Qb6 Rxg4+ 25. hxg4 Qxg4+ 26. Kh1 Qh3+ 27. Kg1 Rf8 0-1

[Event "IECG CE.2005.0.00089 email"]
[Site "IECG email"]
[Date "2005.08.28"]
[Round "?"]
[White "Nicolaescu, Nicolae"]
[Black "Eul, Andreas"]
[Result "1-0"]
[WhiteElo "1380"]
[BlackElo "1200"]
[PlyCount "53"]
[EventDate "2005.08.28"]
[EventType "tourn (corr)"]
[EventRounds "6"]
[SourceTitle "Corr 2008"]
[Source "ChessBase"]
[SourceDate "2008.06.24"]
[SourceVersion "1"]
[SourceVersionDate "2008.06.24"]
[SourceQuality "1"]

1. e4 e5 2. Nf3 Nc6 3. Bb5 d6 4. d4 Bd7 5. Nc3 Nf6 6. 0-0 Be7 7. Re1 0-0 8. Bxc6 Bxc6 9. dxe5 Ng4 10. Bf4 b5 11. Nd4 Nxe5 12. Bxe5 Bd7 13. Bg3 c5 14. Ndxb5 Rb8 15. Nxd6 Rb6 16. Nc4 Rb4 17. b3 Bf6 18. e5 Bg5 19. Ne4 Be7 20. a3 Rb5 21. Qe2 f5 22. exf6 Bxf6 23. Nxf6+ Rxf6 24. Bh4 g5 25. Bxg5 Qf8 26. Bxf6 Qxf6 27. Rad1 1-0

[Event "IECG CE.2005.0.00086 email"]
[Site "IECG email"]
[Date "2005.06.04"]
[Round "1"]
[White "Cook, Phil"]
[Black "Eul, Andreas"]
[Result "1-0"]
[WhiteElo "1355"]
[BlackElo "1200"]
[PlyCount "41"]
[EventDate "2005.06.04"]
[EventType "tourn (corr)"]
[EventRounds "6"]
[SourceTitle "Corr 2008"]
[Source "ChessBase"]
[SourceDate "2008.06.24"]
[SourceVersion "1"]
[SourceVersionDate "2008.06.24"]
[SourceQuality "1"]

1. e4 e5 2. Nf3 Nc6 3. Bc4 d5 4. exd5 Qxd5 5. Bxd5 Nf6 6. Bxc6+ bxc6 7. Nxe5 Bd6 8. Nxc6 Bg4 9. f3 Bd7 10. Qe2+ Kf8 11. Qc4 Re8+ 12. Kd1 Be6 13. Qd4 Bd7 14. Nxa7 Be5 15. Qc4 g6 16. d4 Bd6 17. Bh6+ Kg8 18. Nc3 Be6 19. d5 Bf5 20. Nc6 Nd7 21. g4 1-0

[Event "IECG CE.2005.0.00086 email"]
[Site "IECG email"]
[Date "2005.06.04"]
[Round "?"]
[White "Eul, Andreas"]
[Black "Fergason, Kelly"]
[Result "0-1"]
[WhiteElo "1200"]
[BlackElo "1277"]
[PlyCount "38"]
[EventDate "2005.06.04"]
[EventType "tourn (corr)"]
[EventRounds "6"]
[SourceTitle "Corr 2008"]
[Source "ChessBase"]
[SourceDate "2008.06.24"]
[SourceVersion "1"]
[SourceVersionDate "2008.06.24"]
[SourceQuality "1"]

1. e4 e5 2. Nf3 Nc6 3. d4 exd4 4. Nxd4 Bc5 5. Be3 Qf6 6. Bc4 Bxd4 7. c3 Bxe3 8. fxe3 Qh4+ 9. g3 Qxe4 10. Bxf7+ Kxf7 11. 0-0+ Nf6 12. Qe1 d5 13. Nd2 Qc2 14. e4 Re8 15. b4 Qxc3 16. Rc1 Qxb4 17. Rb1 Qd4+ 18. Kh1 dxe4 19. Rf4 Qd5 0-1

[Event "IECG CE.2005.0.00086 email"]
[Site "IECG email"]
[Date "2005.06.04"]
[Round "1"]
[White "Nemeth, Laszlo"]
[Black "Eul, Andreas"]
[Result "1-0"]
[WhiteElo "1237"]
[BlackElo "1200"]
[PlyCount "35"]
[EventDate "2005.06.04"]
[EventType "tourn (corr)"]
[EventRounds "6"]
[SourceTitle "Corr 2008"]
[Source "ChessBase"]
[SourceDate "2008.06.24"]
[SourceVersion "1"]
[SourceVersionDate "2008.06.24"]
[SourceQuality "1"]

1. e4 e5 2. Nf3 Nc6 3. Nc3 d6 4. d4 Bg4 5. Bb5 a6 6. Bxc6+ bxc6 7. dxe5 dxe5 8. Qxd8+ Rxd8 9. Nxe5 Bd7 10. Bf4 Bb4 11. 0-0-0 Bxc3 12. bxc3 Rb8 13. Rxd7 Nf6 14. Rxc7 Nxe4 15. Nxc6 0-0 16. Nxb8 Rxb8 17. Re7 Kf8 18. Rxe4 1-0